| 000 | 00478nam a2200181Ia 4500 | ||
|---|---|---|---|
| 001 | 13434 | ||
| 005 | 20260306164801.0 | ||
| 008 | 260306t2018||||xx |||||||||||||| ||spa|| | ||
| 041 | _aESP | ||
| 082 |
_a004.16 _bB36 |
||
| 100 |
_aBeiroa Mosquera, Rubén _eAUT |
||
| 245 | 0 | _aAprender Arduino, electrónica y programación con 100 ejercicios prácticos | |
| 260 | _c2018 | ||
| 300 |
_a213 páginas : _c24 cm. |
||
| 650 | _aGEN | ||
| 654 | _aCCC | ||
| 942 |
_cLIB _dJUS _fJUS _2ddc _n |
||
| 999 |
_c13434 _d13434 |
||